000 00607nam a22002417a 4500
003 UA-OsUOA
001 38032
007 ta
008 20070625b un ||||| |||| 00| 0 ukr d
100 _aПарамонов С.Я.
090 _a94(477).02
_bП18
942 _cBK
040 _aUA-OsUOA
_bukr
_cUA-OsUOA
_dUA-OsUOA
245 _aЗвідки ми, чиї ми діти?
300 _a118 с.
955 _a4
041 _aukr
080 _a94(477).02
260 _aВінніпег
_c1963
246 3 1 _aНове з історії стародавньої Руси
650 7 _2UDC
999 _c436555
_d436555